|
|
|
|
| LEADER |
01374nam a2200313 a 4500 |
| 001 |
GR-MES15838 |
| 008 |
101004s2006 njua 001 0 eng|c |
| 020 |
|
|
|a 0470048395
|q (pbk.)
|
| 020 |
|
|
|a 9780470048399
|q (pbk.)
|
| 040 |
|
|
|a GrPaTEI
|b gre
|c GR-PaULI
|
| 082 |
0 |
4 |
|a 005.2762
|2 22
|
| 082 |
0 |
4 |
|a 005.72
|2 22
|
| 100 |
1 |
|
|a Valade, Janet.
|
| 245 |
1 |
0 |
|a PHP & MySQL :
|b your visual blueprint for creating dynamic, database-driven Web sites /
|c by Janet Valade.
|
| 246 |
1 |
3 |
|a PHP and MySQL
|
| 260 |
|
|
|a Hoboken, N.J. :
|b Wiley,
|c c2006.
|
| 300 |
|
|
|a xii, 307 σ. :
|b εικ. ;
|c 24 εκ.
|
| 490 |
0 |
|
|a Visual read less, learn more
|
| 500 |
|
|
|a Περιλαμβάνει ευρετήριο.
|
| 630 |
0 |
0 |
|a MySQL (Electronic resource)
|
| 630 |
0 |
7 |
|a MySQL (Ηλεκτρονική πηγή πληροφοριών)
|2 nlgaf
|
| 650 |
|
0 |
|a PHP (Computer program language)
|
| 650 |
|
0 |
|a Web sites
|x Design.
|
| 650 |
|
7 |
|a Δικτυακές τοποθεσίες
|x Σχεδίαση.
|2 nlgaf
|
| 650 |
0 |
7 |
|a PHP (Γλώσσα προγραμματισμού ηλεκτρονικού υπολογιστή)
|2 nlgaf
|
| 942 |
|
|
|2 ddc
|
| 952 |
|
|
|0 0
|1 0
|2 ddc
|4 0
|6 005_720000000000000_VAL
|7 0
|9 273501
|a MSLG
|b MSLG
|c BSC
|d 2021-01-17
|e 24
|f 1
|g 0.00
|l 0
|o 005.72 VAL
|p 2420000024830
|r 2021-01-17 00:00:00
|t 1
|w 2021-01-17
|y BK15
|x 20101004 0 1
|x GrPaTEI
|
| 971 |
|
|
|a .b25818879
|b 01-10-20
|c 13-09-16
|
| 999 |
|
|
|c 158422
|d 158422
|